000 01653nam a22003857a 4500
005 20240530110526.0
008 150601s2011 ku a g 000 0 ara d
040 _aEG-CaGPL
082 0 4 _221
_a025.04\
_bع ن
100 0 _aعصام منصور .
245 1 2 _aالنشر الالكترونى فى المكتبات و مراكز المعلومات :
_bمفاهيم نظرية و تطبيقات عملية /
_cتاليف عصام منصور ، يعقوب ملا يوسف .
250 _aط1.
260 _aالكويت :
_bمكتبة الفلاح للنشر و التوزيع ،
_c2011 .
300 _a504 ص :
_bصور لو ؛
_c24 سم .
650 0 4 _aالنشر الالكترونى .
650 0 4 _aflickr .
650 0 4 _aفليكر .
650 0 4 _aالبودكاست .
650 0 4 _aالمدونات الالكترونية
_xتقنيات .
650 0 4 _aالمدونات الالكترونية .
650 0 4 _aجوجل
_xانشاء مواقع .
650 0 4 _aالمواقع الالكترونية
_xتصميم .
650 0 4 _aالمواقع الالكترونية .
650 0 4 _aادوبى اكروبات .
650 0 4 _aالناشرون .
650 0 4 _aالماسح الضوئى
_xانواع .
650 0 4 _aالماسح الضوئى .
650 0 4 _aالنشر الالكترونى
_xالانترنت .
650 0 4 _aالنشر الالكترونى
_xعيوب .
650 0 4 _aالنشر الالكترونى
_xمميزات .
650 0 4 _aالنشر الالكترونى
_xتاريخ .
700 0 _a يعقوب ملا يوسف
_eمؤلف مشارك .
942 _2ddc
_cBK
999 _c61992
_d61992